[Event "FRA-chT1B 0607"]
[Site "France"]
[Date "2007.02.11"]
[Round "8.6"]
[White "Frederic, Clement"]
[Black "Holgado, Sebastien"]
[Result "1-0"]
[WhiteElo "2234"]
[BlackElo "1510"]
[PlyCount "47"]
[EventDate "2006.10.15"]
[EventType "team"]
[EventRounds "11"]
[EventCountry "FRA"]
[SourceTitle "EXT 2008"]
[Source "ChessBase"]
[SourceDate "2007.11.25"]
[SourceVersion "1"]
[SourceVersionDate "2007.11.25"]
[SourceQuality "1"]
[WhiteTeam "Besancon TPG"]
[BlackTeam "Reims"]
[WhiteTeamCountry "FRA"]
[BlackTeamCountry "FRA"]

1. e4 e5 2. d4 exd4 3. Qxd4 Nc6 4. Qe3 b6 5. Nc3 Bb7 6. Bd2 Bc5 7. Qg3 Bd4 8. Nf3 Bf6 9. e5 Qe7 10. Nd5 Bxe5 11. Nxe7 Bxg3 12. Nxc6 Bxc6 13. hxg3 0-0-0 14. 0-0-0 Nf6 15. Ne5 Bd5 16. Bg5 Be6 17. Ba6+ Kb8 18. Bc4 Bxc4 19. Nxc4 d6 20. Ne3 Rde8 21. Bxf6 gxf6 22. Rde1 c6 23. Nf5 Re6 24. Nd4 1-0